[Event "MPJBiS 2020"]
[Site "?"]
[Date "2020.08.30"]
[Round "12.3"]
[White "Musial, Igor"]
[Black "Krawczyk, Flawian"]
[Result "0-1"]
[BlackElo "1639"]
[WhiteElo "1758"]
[LiveChessVersion "1.4.8"]

1. e4 {[%clk 0:03:03]} c5 {[%clk 0:03:03]} 2. Nc3 {[%clk 0:03:04]} Nc6
{[%clk 0:03:04]} 3. f4 {[%clk 0:03:04]} g6 {[%clk 0:03:05]} 4. Nf3
{[%clk 0:03:05]} Bg7 {[%clk 0:03:06]} 5. Bb5 {[%clk 0:03:06]} Nd4
{[%clk 0:03:02]} 6. O-O {[%clk 0:03:06]} a6 {[%clk 0:03:02]} 7. Bc4
{[%clk 0:02:53]} b5 {[%clk 0:03:00]} 8. Bd5 {[%clk 0:02:53]} Rb8 {[%clk 0:03:01]}
9. a4 {[%clk 0:02:51]} e6 {[%clk 0:02:59]} 10. Ba2 {[%clk 0:02:52]} Ne7
{[%clk 0:02:47]} 11. e5 {[%clk 0:02:19]} O-O {[%clk 0:02:18]} 12. Nxd4
{[%clk 0:02:03]} cxd4 {[%clk 0:02:19]} 13. Ne4 {[%clk 0:02:00]} Bb7
{[%clk 0:01:49]} 14. Nd6 {[%clk 0:01:40]} Nc8 {[%clk 0:01:33]} 15. Nxb7
{[%clk 0:01:16]} Rxb7 16. axb5 axb5 {[%clk 0:01:34]} 17. d3 {[%clk 0:01:11]} d6
{[%clk 0:01:32]} 18. Re1 {[%clk 0:00:47]} dxe5 {[%clk 0:01:28]} 19. fxe5
{[%clk 0:00:48]} Qc7 {[%clk 0:01:19]} 20. Bf4 {[%clk 0:00:45]} Nb6
{[%clk 0:01:14]} 21. Bb3 {[%clk 0:00:34]} Rd8 {[%clk 0:01:08]} 22. Ra6
{[%clk 0:00:20]} h5 {[%clk 0:00:44]} 23. Qd2 {[%clk 0:00:14]} Nd5
{[%clk 0:00:42]} 24. Bxd5 {[%clk 0:00:07]} Rxd5 {[%clk 0:00:41]} 25. Rd6
{[%clk 0:00:04]} Rxd6 {[%clk 0:00:13]} 26. exd6 {[%clk 0:00:05]} Qc6
{[%clk 0:00:13]} 27. Ra1 {[%clk 0:00:04]} e5 {[%clk 0:00:12]} 28. Ra8+
{[%clk 0:00:03]} Kh7 {[%clk 0:00:13]} 29. Bg3 {[%clk 0:00:04]} Qxd6
{[%clk 0:00:14]} 30. Rc8 {[%clk 0:00:03]} Rc7 {[%clk 0:00:15]} 31. Rxc7
{[%clk 0:00:05]} Qxc7 {[%clk 0:00:16]} 32. c3 {[%clk 0:00:06]} dxc3
{[%clk 0:00:15]} 33. bxc3 {[%clk 0:00:06]} Qc6 {[%clk 0:00:16]} 34. Qb2
{[%clk 0:00:04]} e4 {[%clk 0:00:16]} 35. d4 {[%clk 0:00:05]} Qc4 {[%clk 0:00:14]}
36. Kf2 {[%clk 0:00:04]} g5 {[%clk 0:00:11]} 37. Be5 {[%clk 0:00:04]} Bxe5
{[%clk 0:00:11]} 38. dxe5 {[%clk 0:00:05]} Qc5+ {[%clk 0:00:13]} 39. Ke2
{[%clk 0:00:06]} Qxe5 {[%clk 0:00:14]} 40. Qb3 {[%clk 0:00:05]} Kg6
{[%clk 0:00:14]} 41. g3 {[%clk 0:00:05]} Qc5 {[%clk 0:00:15]} 42. Qa2
{[%clk 0:00:03]} Qc4+ {[%clk 0:00:16]} 43. Qa6+ {[%clk 0:00:04]} 0-1

[Event "MPJBiS 2020"]
[Site "?"]
[Date "2020.08.30"]
[Round "12.4"]
[White "Dobosiewicz, Dawid"]
[Black "Grzebieniowski, Michal"]
[Result "0-1"]
[BlackElo "1472"]
[WhiteElo "1469"]
[LiveChessVersion "1.4.8"]

1. e4 c6 2. d4 d5 3. exd5 {[%clk 0:03:04]} cxd5 {[%clk 0:03:07]} 4. Bd3
{[%clk 0:03:05]} Nc6 {[%clk 0:03:08]} 5. c3 {[%clk 0:03:06]} Nf6 {[%clk 0:03:08]}
6. Bf4 {[%clk 0:03:05]} e6 {[%clk 0:03:10]} 7. Nd2 {[%clk 0:03:05]} Bd6
{[%clk 0:03:12]} 8. Bg3 {[%clk 0:03:06]} O-O {[%clk 0:03:12]} 9. Ngf3
{[%clk 0:03:07]} a6 {[%clk 0:03:14]} 10. Ne5 {[%clk 0:03:06]} Bxe5
{[%clk 0:03:10]} 11. dxe5 {[%clk 0:03:07]} Nd7 {[%clk 0:03:12]} 12. Nf3
{[%clk 0:03:06]} b5 {[%clk 0:03:10]} 13. O-O Bb7 14. Re1 {[%clk 0:03:01]} Rc8
{[%clk 0:03:08]} 15. Qb1 {[%clk 0:03:01]} g6 {[%clk 0:03:06]} 16. Bf4
{[%clk 0:03:01]} Nc5 {[%clk 0:03:02]} 17. Bg5 {[%clk 0:02:57]} Qc7
{[%clk 0:02:59]} 18. Bf6 {[%clk 0:02:57]} Nd7 {[%clk 0:02:54]} 19. Qc1
{[%clk 0:02:54]} Nxf6 {[%clk 0:02:22]} 20. exf6 {[%clk 0:02:55]} Qd8
{[%clk 0:02:24]} 21. Qg5 {[%clk 0:02:55]} Re8 {[%clk 0:02:08]} 22. h4
{[%clk 0:02:32]} Nb8 {[%clk 0:01:57]} 23. h5 {[%clk 0:02:31]} Nd7
{[%clk 0:01:58]} 24. hxg6 {[%clk 0:02:32]} hxg6 {[%clk 0:01:45]} 25. Bxg6
{[%clk 0:02:27]} Qxf6 {[%clk 0:01:45]} 26. Qxf6 Nxf6 27. Bd3 {[%clk 0:02:23]} Kg7
{[%clk 0:01:40]} 28. Ne5 {[%clk 0:02:23]} Red8 {[%clk 0:01:32]} 29. Rad1
{[%clk 0:02:22]} Nd7 {[%clk 0:01:28]} 30. Nf3 {[%clk 0:02:08]} Rh8
{[%clk 0:01:23]} 31. Ne5 {[%clk 0:01:59]} Nxe5 {[%clk 0:01:15]} 32. Rxe5
{[%clk 0:02:00]} Kf6 {[%clk 0:01:14]} 33. Re3 {[%clk 0:01:51]} Rcg8
{[%clk 0:01:15]} 34. Rg3 {[%clk 0:01:45]} Rxg3 {[%clk 0:01:15]} 35. fxg3
{[%clk 0:01:45]} Rg8 {[%clk 0:01:16]} 36. Kf2 {[%clk 0:01:46]} Ke7
{[%clk 0:01:11]} 37. Rh1 {[%clk 0:01:46]} e5 {[%clk 0:01:06]} 38. Rh7
{[%clk 0:01:31]} e4 {[%clk 0:01:06]} 39. Be2 {[%clk 0:01:31]} Bc8
{[%clk 0:00:58]} 40. Rh6 {[%clk 0:01:26]} Be6 {[%clk 0:00:59]} 41. b3
{[%clk 0:01:12]} Rc8 {[%clk 0:00:57]} 42. g4 {[%clk 0:01:06]} Rxc3
{[%clk 0:00:54]} 43. g5 {[%clk 0:01:05]} d4 {[%clk 0:00:37]} 44. Rh7
{[%clk 0:00:44]} Bf5 {[%clk 0:00:31]} 45. Rh6 {[%clk 0:00:37]} Bg6
{[%clk 0:00:32]} 46. Bh5 {[%clk 0:00:35]} Rc2+ {[%clk 0:00:32]} 47. Kg3
{[%clk 0:00:35]} Bxh5 {[%clk 0:00:32]} 48. Rxh5 {[%clk 0:00:35]} d3
{[%clk 0:00:31]} 49. g6 {[%clk 0:00:36]} fxg6 {[%clk 0:00:26]} 50. Re5+
{[%clk 0:00:37]} Kf6 {[%clk 0:00:27]} 51. Rxe4 {[%clk 0:00:38]} Rxa2
{[%clk 0:00:25]} 52. Rd4 {[%clk 0:00:39]} d2 {[%clk 0:00:26]} 53. Kf3
{[%clk 0:00:37]} Rb2 {[%clk 0:00:27]} 54. Ke2 {[%clk 0:00:35]} Rxb3
{[%clk 0:00:26]} 55. Rxd2 {[%clk 0:00:35]} Ra3 {[%clk 0:00:23]} 56. Kf2
{[%clk 0:00:35]} a5 {[%clk 0:00:22]} 57. Rd6+ {[%clk 0:00:35]} Kf7
{[%clk 0:00:20]} 58. Rd7+ {[%clk 0:00:36]} Ke6 {[%clk 0:00:21]} 59. Rb7
{[%clk 0:00:37]} b4 {[%clk 0:00:22]} 60. Rb6+ {[%clk 0:00:38]} Kf5
{[%clk 0:00:22]} 61. Ke2 {[%clk 0:00:38]} b3 {[%clk 0:00:19]} 62. Kd3
{[%clk 0:00:37]} a4 {[%clk 0:00:19]} 63. Kc3 {[%clk 0:00:38]} Ra2
{[%clk 0:00:20]} 64. Rb5+ {[%clk 0:00:38]} Kg4 {[%clk 0:00:21]} 65. Rb6
{[%clk 0:00:39]} g5 {[%clk 0:00:22]} 66. Rb4+ {[%clk 0:00:40]} Kg3
{[%clk 0:00:23]} 67. Rb5 {[%clk 0:00:40]} g4 {[%clk 0:00:24]} 68. Rb4
{[%clk 0:00:41]} Rc2+ {[%clk 0:00:23]} 69. Kd3 {[%clk 0:00:41]} Ra2
{[%clk 0:00:19]} 70. Kc3 {[%clk 0:00:42]} Rc2+ {[%clk 0:00:16]} 71. Kd3
{[%clk 0:00:43]} Rxg2 {[%clk 0:00:15]} 72. Rxa4 {[%clk 0:00:41]} b2
{[%clk 0:00:15]} 73. Rb4 {[%clk 0:00:42]} Kh2 {[%clk 0:00:16]} 74. Ke3
{[%clk 0:00:43]} g3 {[%clk 0:00:13]} 75. Rh4+ {[%clk 0:00:32]} Kg1
{[%clk 0:00:14]} 76. Rb4 {[%clk 0:00:33]} Rf2 {[%clk 0:00:13]} 77. Rb3
{[%clk 0:00:29]} g2 {[%clk 0:00:13]} 78. Rb4 {[%clk 0:00:27]} Kf1
{[%clk 0:00:13]} 79. Rb5 {[%clk 0:00:27]} g1=Q 0-1

[Event "MPJBiS 2020"]
[Site "?"]
[Date "2020.08.30"]
[Round "12.5"]
[White "Warchol, Kamil"]
[Black "Bochniak, Franciszek"]
[Result "1-0"]
[BlackElo "1485"]
[WhiteElo "1690"]
[LiveChessVersion "1.4.8"]

1. e4 c5 2. Nf3 d6 3. d4 cxd4 4. Nxd4 Nf6 5. Nc3 a6 6. Bc4 e6 7. Be3 Be7 8. Qe2
Nbd7 9. O-O-O Qc7 10. Bb3 O-O 11. g4 b5 12. a3 Bb7 13. f3 Rac8 14. h4 Nc5 15. h5
Nxb3+ 16. Nxb3 Nd7 17. g5 Nc5 18. Nd4 Qa5 19. Kb1 b4 20. axb4 Qxb4 21. Qd2 a5 22.
g6 a4 23. Nd5 Qxd2 24. Nxe7+ Kh8 25. Rxd2 Rc7 26. Nb5 Rxe7 27. Nxd6 Na6 28. Nxf7+
Kg8 29. Ne5 h6 30. Rhd1 Rfe8 31. Rd7 Rxd7 32. Rxd7 Bc8 33. Rd4 Bb7 34. Rxa4 Rd8
35. Rd4 Re8 36. c4 Nc5 37. Rd6 Nb3 38. Bb6 Ba6 39. Kc2 Na1+ 40. Kc3 Rc8 41. Rd1
Rb8 42. Rxa1 Rxb6 43. c5 1-0

[Event "MPJBiS 2020"]
[Site "?"]
[Date "2020.08.30"]
[Round "12.6"]
[White "Wierzbicki, Dawid"]
[Black "Liskiewicz, Jakub"]
[Result "1-0"]
[BlackElo "1383"]
[WhiteElo "1550"]
[LiveChessVersion "1.4.8"]

1. e4 {[%clk 0:03:03]} d6 {[%clk 0:03:04]} 2. d4 {[%clk 0:03:01]} Nf6
{[%clk 0:03:04]} 3. Nc3 {[%clk 0:03:02]} g6 {[%clk 0:03:05]} 4. Bd3
{[%clk 0:03:00]} Bg7 {[%clk 0:03:06]} 5. Nge2 {[%clk 0:03:00]} O-O
{[%clk 0:03:05]} 6. O-O {[%clk 0:03:00]} Nc6 {[%clk 0:03:04]} 7. h3
{[%clk 0:02:57]} e5 {[%clk 0:03:05]} 8. d5 {[%clk 0:02:58]} Ne7 {[%clk 0:03:05]}
9. Be3 {[%clk 0:02:57]} Nd7 {[%clk 0:03:05]} 10. f4 {[%clk 0:02:53]} f5
{[%clk 0:02:53]} 11. fxe5 {[%clk 0:02:50]} Nxe5 {[%clk 0:02:53]} 12. Nd4
{[%clk 0:02:40]} f4 {[%clk 0:02:24]} 13. Bxf4 {[%clk 0:02:29]} Bd7
{[%clk 0:01:51]} 14. Nce2 {[%clk 0:02:24]} c6 {[%clk 0:01:43]} 15. dxc6
{[%clk 0:02:22]} bxc6 {[%clk 0:01:41]} 16. Bxe5 {[%clk 0:02:19]} Bxe5
{[%clk 0:01:40]} 17. c3 {[%clk 0:02:13]} Qb6 {[%clk 0:01:39]} 18. Qb3+
{[%clk 0:02:06]} Qxb3 {[%clk 0:01:34]} 19. Nxb3 {[%clk 0:02:02]} c5
{[%clk 0:01:33]} 20. Bc4+ {[%clk 0:02:02]} Kg7 {[%clk 0:01:32]} 21. Rad1
{[%clk 0:01:59]} Bc6 {[%clk 0:01:26]} 22. Bd5 {[%clk 0:01:56]} Nxd5
{[%clk 0:01:26]} 23. exd5 {[%clk 0:01:55]} Bb5 {[%clk 0:01:26]} 24. Rxf8
{[%clk 0:01:33]} Rxf8 {[%clk 0:01:26]} 25. Rd2 {[%clk 0:01:28]} Kh6
{[%clk 0:01:13]} 26. Na5 {[%clk 0:01:21]} Kg5 {[%clk 0:01:10]} 27. c4
{[%clk 0:01:16]} Ba6 {[%clk 0:00:57]} 28. b3 {[%clk 0:01:11]} Kf5
{[%clk 0:00:49]} 29. Nc6 {[%clk 0:01:11]} Ke4 {[%clk 0:00:38]} 30. Nc1
{[%clk 0:00:57]} Bf4 {[%clk 0:00:31]} 31. Rd1 {[%clk 0:00:45]} Be3+
{[%clk 0:00:26]} 32. Kh2 {[%clk 0:00:40]} Rf2 {[%clk 0:00:19]} 33. Nd3
{[%clk 0:00:31]} Rd2 {[%clk 0:00:10]} 34. Rxd2 {[%clk 0:00:31]} Bxd2
{[%clk 0:00:10]} 35. Nf2+ {[%clk 0:00:32]} Ke3 {[%clk 0:00:07]} 36. Ng4+
{[%clk 0:00:26]} Kd3 {[%clk 0:00:00]} 37. Nxa7 {[%clk 0:00:26]} Kc2
{[%clk 0:00:00]} 38. Nb5 {[%clk 0:00:26]} Kb2 {[%clk 0:00:00]} 39. g3
{[%clk 0:00:26]} Kxa2 {[%clk 0:00:00]} 40. Nxd6 {[%clk 0:00:26]} Kxb3
{[%clk 0:00:00]} 41. Ne4 {[%clk 0:00:26]} Bb4 {[%clk 0:00:00]} 42. d6
{[%clk 0:00:26]} Bc8 {[%clk 0:00:00]} 43. Ne5 {[%clk 0:00:26]} 1-0

[Event "MPJBiS 2020"]
[Site "?"]
[Date "2020.08.30"]
[Round "12.7"]
[White "Komendecki, Antoni"]
[Black "Zieba, Hubert"]
[Result "1-0"]
[BlackElo "1466"]
[WhiteElo "1366"]
[LiveChessVersion "1.4.8"]

1. e4 c5 2. Nf3 Nc6 3. d4 cxd4 4. Nxd4 g6 5. Be3 Bg7 6. Nc3 Nf6 7. Bc4 O-O 8. f3
d6 9. Bb3 Bd7 10. Qd2 Qa5 11. O-O-O Rfc8 12. Kb1 Ne5 13. Nd5 Qxd2 14. Rxd2 Nxd5
15. Bxd5 Nc4 16. Bxc4 Rxc4 17. Rhd1 Rac8 18. Ne2 b6 19. Nf4 Bh6 20. Nd5 Bxe3 21.
Nxe3 Be6 22. Nxc4 Rxc4 23. Rd4 Rc5 24. b3 Rh5 25. h3 Rg5 26. g4 h5 27. f4 Rc5 28.
f5 Bd7 29. Rd5 Rc3 30. R1d3 Rc7 31. e5 Bc6 32. Rc3 Bxd5 33. Rxc7 dxe5 34. Rxe7
gxf5 35. Rxe5 Bg2 36. Rxf5 Bxh3 {[%clk 0:00:00]} 37. Rxh5 Bg2 38. Re5 a6 39. Kb2
Kf8 40. c4 b5 41. cxb5 axb5 {[%clk 0:00:20]} 42. Rxb5 f6 43. Rf5 Ke7 44. a4 Bh3
45. Rf4 Bg2 46. a5 Ba8 47. b4 Ke6 48. Rf5 Be4 49. a6 Bc6 50. b5 Ba8 51. b6 Be4
52. b7 1-0

[Event "MPJBiS 2020"]
[Site "?"]
[Date "2020.08.30"]
[Round "12.8"]
[White "Pawlowski, Kamil"]
[Black "Jaworski, Tymon"]
[Result "0-1"]
[BlackElo "1559"]
[WhiteElo "1177"]
[LiveChessVersion "1.4.8"]

1. c4 {[%clk 0:03:01]} Nf6 {[%clk 0:03:03]} 2. Nc3 {[%clk 0:03:03]} g6
{[%clk 0:03:04]} 3. d4 {[%clk 0:03:04]} Bg7 {[%clk 0:03:05]} 4. Nf3
{[%clk 0:03:04]} d6 {[%clk 0:03:06]} 5. e4 {[%clk 0:03:04]} Nbd7 {[%clk 0:03:05]}
6. g3 {[%clk 0:02:59]} e5 {[%clk 0:03:05]} 7. dxe5 {[%clk 0:02:47]} dxe5
{[%clk 0:03:05]} 8. Bg5 {[%clk 0:02:47]} c6 {[%clk 0:03:03]} 9. Bxf6
{[%clk 0:02:37]} Bxf6 {[%clk 0:03:02]} 10. Bg2 {[%clk 0:02:37]} O-O
{[%clk 0:03:01]} 11. O-O {[%clk 0:02:36]} a5 {[%clk 0:02:46]} 12. a4
{[%clk 0:02:15]} Nc5 {[%clk 0:02:43]} 13. Qxd8 {[%clk 0:01:57]} Rxd8
{[%clk 0:02:42]} 14. Rad1 {[%clk 0:01:53]} Be6 {[%clk 0:02:34]} 15. Nd2
{[%clk 0:01:22]} Rd3 {[%clk 0:02:11]} 16. Rfe1 {[%clk 0:00:59]} Rad8
{[%clk 0:02:10]} 17. Re2 {[%clk 0:00:59]} Bg5 {[%clk 0:02:07]} 18. Ncb1
{[%clk 0:00:52]} Nb3 {[%clk 0:02:02]} 19. h4 {[%clk 0:00:35]} Bxd2
{[%clk 0:01:53]} 20. Nxd2 {[%clk 0:00:34]} Rxd2 {[%clk 0:01:52]} 21. Rexd2
{[%clk 0:00:35]} Rxd2 {[%clk 0:01:53]} 22. Rxd2 {[%clk 0:00:35]} Nxd2
{[%clk 0:01:53]} 23. Bf1 {[%clk 0:00:08]} Bxc4 {[%clk 0:01:50]} 24. Bxc4
{[%clk 0:00:08]} Nxc4 {[%clk 0:01:50]} 25. b3 {[%clk 0:00:10]} Nd2
{[%clk 0:01:49]} 26. f4 {[%clk 0:00:09]} exf4 {[%clk 0:01:49]} 27. gxf4
{[%clk 0:00:11]} Nxe4 {[%clk 0:01:48]} 0-1

[Event "MPJBiS 2020"]
[Site "?"]
[Date "2020.08.30"]
[Round "12.9"]
[White "Skrzypinski, Jan"]
[Black "Grot, Blazej"]
[Result "0-1"]
[BlackElo "1557"]
[WhiteElo "1540"]
[LiveChessVersion "1.4.8"]

1. e4 {[%clk 0:03:02]} e6 {[%clk 0:03:04]} 2. Qe2 {[%clk 0:03:03]} Be7
{[%clk 0:03:03]} 3. g3 {[%clk 0:03:04]} c6 {[%clk 0:03:03]} 4. Bg2
{[%clk 0:03:02]} d5 {[%clk 0:03:04]} 5. exd5 {[%clk 0:03:03]} cxd5
{[%clk 0:03:05]} 6. d4 {[%clk 0:03:04]} Nf6 {[%clk 0:03:06]} 7. Bf4
{[%clk 0:03:04]} Nc6 {[%clk 0:03:06]} 8. Nf3 {[%clk 0:03:04]} Bd7
{[%clk 0:03:05]} 9. c3 {[%clk 0:03:02]} Rc8 {[%clk 0:03:06]} 10. Nbd2
{[%clk 0:03:01]} O-O {[%clk 0:03:05]} 11. O-O {[%clk 0:03:01]} h6
{[%clk 0:03:06]} 12. Rfe1 {[%clk 0:02:48]} Qb6 {[%clk 0:03:02]} 13. Rab1
{[%clk 0:02:38]} Rfe8 {[%clk 0:02:58]} 14. Ne5 {[%clk 0:02:35]} Nxe5
{[%clk 0:02:57]} 15. Bxe5 {[%clk 0:02:35]} Bb5 {[%clk 0:02:56]} 16. Qe3
{[%clk 0:02:25]} Ng4 {[%clk 0:02:46]} 17. Qf3 {[%clk 0:02:16]} Nxe5
{[%clk 0:02:47]} 18. Rxe5 {[%clk 0:02:14]} Bf6 {[%clk 0:02:47]} 19. Ree1
{[%clk 0:02:13]} a5 {[%clk 0:02:44]} 20. Nb3 {[%clk 0:02:10]} Bc4
{[%clk 0:02:39]} 21. Nc5 {[%clk 0:02:07]} Bxa2 {[%clk 0:02:35]} 22. Nd7
{[%clk 0:02:05]} Qd8 {[%clk 0:02:27]} 23. Nxf6+ {[%clk 0:02:05]} Qxf6
{[%clk 0:02:27]} 24. Qxf6 {[%clk 0:02:06]} gxf6 {[%clk 0:02:28]} 25. Ra1
{[%clk 0:02:07]} Bc4 {[%clk 0:02:25]} 26. Rxa5 {[%clk 0:02:07]} Ra8
{[%clk 0:02:26]} 27. Rea1 {[%clk 0:02:08]} Ra6 {[%clk 0:02:27]} 28. Rxa6
{[%clk 0:02:01]} bxa6 {[%clk 0:02:28]} 29. Bf1 {[%clk 0:01:39]} Bxf1
{[%clk 0:02:24]} 30. Kxf1 {[%clk 0:01:40]} Rb8 {[%clk 0:02:25]} 31. b4
{[%clk 0:01:36]} Rc8 {[%clk 0:02:25]} 32. Ra3 {[%clk 0:01:38]} Kf8
{[%clk 0:02:25]} 33. Ke2 {[%clk 0:01:39]} Ke7 {[%clk 0:02:26]} 34. Kd3
{[%clk 0:01:40]} Rc6 {[%clk 0:02:26]} 35. f4 f5 {[%clk 0:02:25]} 36. Ra5
{[%clk 0:01:33]} Kd7 {[%clk 0:02:24]} 37. Kc2 {[%clk 0:01:26]} h5
{[%clk 0:02:17]} 38. Kd3 {[%clk 0:01:24]} Rb6 {[%clk 0:02:14]} 39. Rc5
{[%clk 0:01:22]} Rd6 {[%clk 0:02:12]} 40. Ra5 {[%clk 0:01:23]} Kc7
{[%clk 0:02:08]} 41. b5 {[%clk 0:01:24]} axb5 {[%clk 0:02:06]} 42. Rxb5
{[%clk 0:01:25]} Ra6 {[%clk 0:02:05]} 43. Rc5+ {[%clk 0:01:24]} Kd7
{[%clk 0:02:05]} 44. Rb5 {[%clk 0:01:24]} Ra2 {[%clk 0:02:06]} 45. Rb7+
{[%clk 0:01:24]} Ke8 {[%clk 0:02:07]} 46. Rb8+ {[%clk 0:01:25]} Ke7
{[%clk 0:02:08]} 47. h4 {[%clk 0:01:14]} Rg2 {[%clk 0:02:08]} 48. Rg8
{[%clk 0:01:14]} f6 {[%clk 0:02:03]} 49. Rg7+ {[%clk 0:01:15]} Kf8
{[%clk 0:02:05]} 50. Rg6 {[%clk 0:01:16]} Kf7 {[%clk 0:02:04]} 51. Rh6
{[%clk 0:01:16]} Rxg3+ {[%clk 0:02:04]} 52. Kd2 {[%clk 0:01:15]} Rf3
{[%clk 0:02:02]} 53. Rxh5 {[%clk 0:01:16]} Rxf4 {[%clk 0:02:02]} 54. Rh7+
{[%clk 0:01:16]} Kg6 {[%clk 0:02:01]} 55. Re7 {[%clk 0:01:17]} Re4
{[%clk 0:02:00]} 56. Kd3 {[%clk 0:01:13]} f4 {[%clk 0:01:56]} 57. Ra7
{[%clk 0:00:55]} f3 {[%clk 0:01:52]} 58. Ra2 {[%clk 0:00:46]} Rxh4
{[%clk 0:01:52]} 59. Rf2 {[%clk 0:00:44]} Rh3 {[%clk 0:01:51]} 60. Ke3
{[%clk 0:00:40]} Kg5 {[%clk 0:01:49]} 61. Rf1 {[%clk 0:00:29]} f2+
{[%clk 0:01:47]} 62. Kxf2 {[%clk 0:00:30]} Rxc3 {[%clk 0:01:48]} 63. Ke2
{[%clk 0:00:31]} Rc4 {[%clk 0:01:47]} 64. Kd3 {[%clk 0:00:32]} f5
{[%clk 0:01:47]} 65. Rg1+ {[%clk 0:00:31]} Kf6 {[%clk 0:01:47]} 66. Rf1
{[%clk 0:00:32]} Ra4 {[%clk 0:01:48]} 67. Ke3 {[%clk 0:00:29]} Ra8
{[%clk 0:01:47]} 68. Rh1 {[%clk 0:00:20]} Rg8 {[%clk 0:01:46]} 69. Rh6+
{[%clk 0:00:21]} Rg6 {[%clk 0:01:47]} 70. Rh3 {[%clk 0:00:21]} Rg4
{[%clk 0:01:43]} 71. Rf3 {[%clk 0:00:22]} Kg5 {[%clk 0:01:43]} 72. Rf1
{[%clk 0:00:19]} f4+ {[%clk 0:01:43]} 73. Ke2 {[%clk 0:00:18]} Kf5
{[%clk 0:01:44]} 74. Ra1 {[%clk 0:00:10]} Ke4 {[%clk 0:01:40]} 75. Ra4
{[%clk 0:00:10]} Rg3 {[%clk 0:01:40]} 76. Kf2 {[%clk 0:00:11]} Rd3
{[%clk 0:01:37]} 77. Ra6 {[%clk 0:00:12]} Kf5 {[%clk 0:01:35]} 78. Ra4
{[%clk 0:00:13]} Rc3 {[%clk 0:01:34]} 79. Ra8 {[%clk 0:00:12]} Rc4
{[%clk 0:01:35]} 80. Rf8+ {[%clk 0:00:13]} Ke4 {[%clk 0:01:31]} 81. Re8
{[%clk 0:00:14]} Rxd4 {[%clk 0:01:31]} 82. Rxe6+ {[%clk 0:00:15]} Kf5
{[%clk 0:01:32]} 83. Re8 {[%clk 0:00:16]} Ra4 {[%clk 0:01:31]} 84. Rf8+
{[%clk 0:00:17]} Ke6 {[%clk 0:01:31]} 85. Re8+ {[%clk 0:00:17]} Kf7
{[%clk 0:01:31]} 86. Rd8 {[%clk 0:00:18]} Ke6 {[%clk 0:01:30]} 87. Re8+
{[%clk 0:00:18]} Kd6 {[%clk 0:01:30]} 88. Rd8+ {[%clk 0:00:19]} Kc5
{[%clk 0:01:31]} 89. Rc8+ {[%clk 0:00:19]} Kd4 {[%clk 0:01:32]} 90. Rf8
{[%clk 0:00:19]} Kd3 {[%clk 0:01:31]} 91. Rd8 {[%clk 0:00:11]} Rd4
{[%clk 0:01:27]} 92. Ra8 {[%clk 0:00:10]} Rc4 {[%clk 0:01:23]} 93. Rd8
{[%clk 0:00:09]} Ke4 {[%clk 0:01:21]} 94. Re8+ {[%clk 0:00:10]} Kf5
{[%clk 0:01:21]} 95. Rf8+ {[%clk 0:00:11]} Ke6 {[%clk 0:01:18]} 96. Re8+
{[%clk 0:00:12]} Kd6 {[%clk 0:01:19]} 97. Rd8+ {[%clk 0:00:13]} Kc5
{[%clk 0:01:20]} 98. Rc8+ {[%clk 0:00:14]} Kb4 {[%clk 0:01:20]} 99. Rd8
{[%clk 0:00:14]} d4 {[%clk 0:01:19]} 100. Ke2 {[%clk 0:00:08]} Kc3
{[%clk 0:01:17]} 101. Rd7 {[%clk 0:00:08]} Kc2 {[%clk 0:01:08]} 102. Kf3
{[%clk 0:00:04]} d3 {[%clk 0:01:09]} 103. Rh7 {[%clk 0:00:04]} d2
{[%clk 0:01:09]} 104. Rh2 {[%clk 0:00:05]} Kc1 {[%clk 0:01:09]} 105. Rh1+
{[%clk 0:00:05]} d1=Q+ {[%clk 0:01:09]} 106. Rxd1+ {[%clk 0:00:06]} Kxd1
{[%clk 0:01:09]} 107. Kg2 Ke2 {[%clk 0:01:08]} 108. Kg1 {[%clk 0:00:09]} f3
{[%clk 0:01:08]} 109. Kh2 {[%clk 0:00:10]} f2 {[%clk 0:01:09]} 110. Kg3
{[%clk 0:00:11]} f1=Q {[%clk 0:01:06]} 111. Kh2 {[%clk 0:00:13]} Rh4+
{[%clk 0:01:06]} 112. Kg3 {[%clk 0:00:14]} Rh8 {[%clk 0:01:02]} 113. Kg4
{[%clk 0:00:15]} Rg8+ {[%clk 0:01:04]} 114. Kh5 {[%clk 0:00:16]} Qh1# 0-1

[Event "MPJBiS 2020"]
[Site "?"]
[Date "2020.08.30"]
[Round "12.10"]
[White "Wandor, Adam"]
[Black "Bartoszczuk, Adam"]
[Result "1-0"]
[BlackElo "1223"]
[WhiteElo "1099"]
[LiveChessVersion "1.4.8"]

1. d4 {[%clk 0:03:03]} Nf6 {[%clk 0:03:02]} 2. c4 {[%clk 0:03:03]} e6
{[%clk 0:03:02]} 3. Nc3 {[%clk 0:03:04]} Bb4 {[%clk 0:03:03]} 4. Nf3
{[%clk 0:03:05]} O-O {[%clk 0:02:57]} 5. Bf4 {[%clk 0:03:03]} d6 {[%clk 0:02:53]}
6. e3 {[%clk 0:03:03]} c5 {[%clk 0:02:48]} 7. Be2 {[%clk 0:03:01]} Nc6
{[%clk 0:02:41]} 8. O-O {[%clk 0:03:00]} Bxc3 {[%clk 0:02:32]} 9. bxc3
{[%clk 0:03:00]} Re8 {[%clk 0:02:24]} 10. h3 {[%clk 0:02:51]} h6 {[%clk 0:02:16]}
11. Qc2 {[%clk 0:02:42]} e5 {[%clk 0:02:08]} 12. Bh2 {[%clk 0:02:17]} Qe7
{[%clk 0:01:48]} 13. Rfe1 {[%clk 0:02:06]} e4 {[%clk 0:01:40]} 14. Nd2
{[%clk 0:02:05]} Bd7 {[%clk 0:01:38]} 15. Rab1 {[%clk 0:02:03]} b6
{[%clk 0:01:38]} 16. Nb3 {[%clk 0:01:34]} Nh7 {[%clk 0:01:19]} 17. Qd2
{[%clk 0:01:23]} Ng5 {[%clk 0:01:14]} 18. Rbd1 {[%clk 0:01:09]} Bf5
{[%clk 0:00:44]} 19. Kf1 {[%clk 0:00:52]} Rad8 {[%clk 0:00:29]} 20. Kg1
{[%clk 0:00:49]} Qf6 {[%clk 0:00:27]} 21. Bg3 {[%clk 0:00:36]} Qg6
{[%clk 0:00:25]} 22. h4 {[%clk 0:00:26]} Ne6 {[%clk 0:00:23]} 23. d5
{[%clk 0:00:25]} Ne5 24. dxe6 fxe6 {[%clk 0:00:05]} 25. Bxe5 {[%clk 0:00:15]}
dxe5 {[%clk 0:00:06]} 26. Qc2 {[%clk 0:00:13]} Bg4 {[%clk 0:00:05]} 27. Bxg4
{[%clk 0:00:11]} Qxg4 {[%clk 0:00:07]} 28. Rxd8 {[%clk 0:00:11]} Rxd8
{[%clk 0:00:08]} 29. Nd2 {[%clk 0:00:09]} Qf5 {[%clk 0:00:05]} 30. Nxe4
{[%clk 0:00:08]} Qf7 {[%clk 0:00:05]} 31. Ng3 {[%clk 0:00:08]} Qd7
{[%clk 0:00:05]} 32. Nf1 {[%clk 0:00:08]} Qf7 {[%clk 0:00:05]} 33. Nh2
{[%clk 0:00:08]} Rd6 {[%clk 0:00:05]} 34. Nf3 {[%clk 0:00:09]} Qf6
{[%clk 0:00:04]} 35. Rd1 {[%clk 0:00:09]} Rxd1+ {[%clk 0:00:04]} 36. Qxd1
{[%clk 0:00:10]} e4 {[%clk 0:00:06]} 37. Nh2 {[%clk 0:00:09]} Qxc3
{[%clk 0:00:07]} 38. Qd8+ {[%clk 0:00:10]} Kh7 {[%clk 0:00:08]} 39. Qd7
{[%clk 0:00:06]} Qxc4 {[%clk 0:00:08]} 40. Qxa7 {[%clk 0:00:06]} Qc1+
{[%clk 0:00:07]} 41. Nf1 {[%clk 0:00:07]} b5 {[%clk 0:00:08]} 42. Qb6
{[%clk 0:00:06]} Qc4 {[%clk 0:00:08]} 43. Nd2 {[%clk 0:00:05]} Qc3
{[%clk 0:00:07]} 44. Nxe4 {[%clk 0:00:04]} Qa1+ {[%clk 0:00:05]} 45. Kh2
{[%clk 0:00:05]} Qe5+ {[%clk 0:00:06]} 46. Ng3 {[%clk 0:00:06]} b4
{[%clk 0:00:07]} 47. Qb5 {[%clk 0:00:06]} Qd6 {[%clk 0:00:06]} 48. Qa4
{[%clk 0:00:07]} c4 {[%clk 0:00:06]} 49. Qc2+ {[%clk 0:00:08]} Kh8
{[%clk 0:00:03]} 50. Qxc4 {[%clk 0:00:08]} Qd5 {[%clk 0:00:03]} 51. Qxd5 exd5
{[%clk 0:00:04]} 52. Nf5 {[%clk 0:00:09]} Kg8 {[%clk 0:00:04]} 53. Ne7+
{[%clk 0:00:10]} Kf7 {[%clk 0:00:05]} 54. Nxd5 {[%clk 0:00:11]} Ke6
{[%clk 0:00:06]} 55. Nxb4 Kd6 {[%clk 0:00:06]} 56. a3 {[%clk 0:00:13]} Kc5
{[%clk 0:00:07]} 57. Kg3 {[%clk 0:00:14]} g6 {[%clk 0:00:08]} 58. Kf4
{[%clk 0:00:15]} Kc4 {[%clk 0:00:08]} 59. g4 {[%clk 0:00:16]} Kb3
{[%clk 0:00:09]} 60. Nd5 {[%clk 0:00:16]} Kxa3 61. Ne7 {[%clk 0:00:17]} Kb4
{[%clk 0:00:10]} 62. Nxg6 {[%clk 0:00:18]} Kc5 63. Kf5 Kd6 {[%clk 0:00:09]} 64.
g5 {[%clk 0:00:19]} h5 {[%clk 0:00:09]} 65. Kf6 {[%clk 0:00:19]} Kd7
{[%clk 0:00:10]} 66. Nf4 {[%clk 0:00:20]} Ke8 {[%clk 0:00:11]} 67. Nxh5
{[%clk 0:00:20]} Kf8 {[%clk 0:00:12]} 68. g6 {[%clk 0:00:21]} Kg8
{[%clk 0:00:13]} 69. g7 {[%clk 0:00:21]} Kh7 {[%clk 0:00:14]} 70. Kf7
{[%clk 0:00:22]} Kh6 {[%clk 0:00:14]} 71. g8=Q {[%clk 0:00:21]} Kxh5
{[%clk 0:00:15]} 72. Qg5# 1-0